Statistiques concernant Quiz Connaissances Générales #1

Cliquez ici pour prendre le quiz!

Statistiques générales

  • Ce quiz a été pris 123 fois
  • Le résultat moyen est 5 sur 15

Statistiques - réponses

HintRéponse% Correct
Ancien joueur de foot devenu sélectionneur pour l'équipe nationale de France (du même sport)Didier Deschamps
91%
Acteur du personnage de Rocky Balboa.Sylvester Stallone
80%
C'est dans cette ville qu'on retrouve le musée du Prado.Madrid
65%
Navigateur britannique du 18e siècle tué par des indigènes des îles Sandwich (Hawaï)James Cook
40%
Premier monarque des Mérovingiens.Clovis
39%
Danseuse et espionne néerlandaise pendant la Première Guerre mondiale.Mata Hari
36%
Ville asiatique dans laquelle se situe les tours jumelles PetronasKuala Lumpur
34%
Écrivain qui nous a laissé les romans «La Promesse de l'aube » et «Les Racines du ciel».Romain Gary
23%
Inventeur de l'ascenseur moderne.Elisha Otis
21%
Groupe de musique américain des années 1960 qui nous a laissé les chansons «Wouldn't it Be Nice » et «God Only Knows »The Beach Boys
20%
Parc national aux USA dans lequel vous pouvez retrouver les montagnes de la Sierra NevadaParc national de Yosemite
19%
Réalisateur québécois à l'origine des films «Les invasions barbares» ainsi que «Le déclin de l'empire américain».Denys Arcand
6%
Équipe de la NHL/LNH évoluant au Minnesota.Wild
6%
Actrice et productrice à l'origine de l'uns des principes fondateurs du Wifi, le saut de fréquences.Hedy Lamarr
4%
Premier ministre provincial québécois au pouvoir durant la Grande Dépression.Louis-Alexandre Taschereau
2%

Distribution des résultats

Percentile par nombre de réponses

% des personnes avec chaque résultat

Votre développement - résultats

Vous n’avez pas pris ce quiz